000 00654nam a2200193 4500
008 051202s1980 pau b 000 0 eng
020 _a0836119290
090 _aRA790
_bJ63g
100 1 _aJohnson, James Elwin,
_d1939-
245 1 4 _aThe gift of a sound mind /
_cJames E. Johnson ; introd. by Margaret Foth.
260 _aScottdale, Pa. :
_bHerald Press,
_c1980.
300 _a166 p. ;
_c20 cm.
504 _aIncludes bibliographical references.
650 4 _aChristian life.
650 4 _aConduct of life.
650 4 _aMental health.
650 4 _aPsychology. Christian life.
951 _p8642
_x00008913
_oRA790/J63g
_j070613111531828
_d2000-12-21
_cGC
999 _c25363
_d25363